000
00334 a2200145 4500
082
_a
300.72
090
_c
898
_d
898
100
_a
Baker Therese L
245
_a
Doing social research
250
_a
3rd ed
260
_a
Lahore
_b
Allah Wala Prienters
_c
2008
300
_a
528 p.
500
_a
Hardcover
942
_a
NBS
_c
BK
_k
300.72 BAK
999
_c
343443
_d
343443